|
|
|
|
| LEADER |
00727nta a2200181 i 4500 |
| 001 |
dipl37548 |
| 005 |
20180306134452.0 |
| 008 |
120718s2012 hu om 0|| zxx d |
| 040 |
|
|
|a SZTE Diploma Repozitórium
|b hun
|
| 041 |
|
|
|a zxx
|
| 100 |
1 |
|
|a Tari Tamás
|
| 245 |
1 |
0 |
|a Gépköltséges ütemezés
|h [elektronikus dokumentum] /
|c Tamás Tari
|
| 260 |
|
|
|c 2012
|
| 650 |
|
4 |
|a Informatika
|
| 700 |
1 |
|
|a Imreh Csanád
|e ths
|
| 856 |
4 |
0 |
|u http://diploma.bibl.u-szeged.hu/id/eprint/37548/1/2012_tari_tamas.pdf
|z Dokumentum-elérés
|
| 856 |
4 |
0 |
|u http://diploma.bibl.u-szeged.hu/id/eprint/37548/2/2012_tari_tamas_biralat.pdf
|z Dokumentum-elérés
|
| 856 |
4 |
0 |
|u http://diploma.bibl.u-szeged.hu/id/eprint/37548/3/2012_tari_tamas.tgz
|z Dokumentum-elérés
|